zpět

Detail výsledku týmu

Infinity c&c bar, Zlín

Datum a čas kvízu

19 Celkem bodů Celkový počet nahraných bodů na tomto kvízu bez doplňovacích otázek.
7. Pořadí na kvízu Konečné umístění týmu na tomto kvízu.

Zaznamenané odpovědi

# Otázka Odpověď Body Výsledky
1. Investigativní tým podílející... Jan Novák 0
2. Na švýcarských mincích se popr... Roger Federer 1
3. Český rozhlas spustil internet... Můj rozhlas 0
4. V pondělí začala v jedné evrop... Madrid 1
5. Ester Ledecká opět překvapila... Lake Louise 0
6. Toto téma zvítězilo minulý týd... vakovlk 0
7. Jakým způsobem souvisí s naším... Na tomto fiktivním ostrově se odehrával děj filmu Jurský park. 0
8. Na tomto obrázku vidíme velkou... latimérie podivná 0
9. Mnohým z vás jistě při přečten... Mauricius 0
10. Mezinárodní svaz ochrany příro... Červený (seznam) 1